Birds and people : (Record no. 26534)

MARC details
000 -LEADER
fixed length control field 01082nam a22002895i 4500
003 - CONTROL NUMBER IDENTIFIER
control field EG-ScBUE
005 - DATE AND TIME OF LATEST TRANSACTION
control field 20260330092242.0
008 - FIXED-LENGTH DATA ELEMENTS--GENERAL INFORMATION
fixed length control field 180418s2007 mx a f b 000 0 eng d
020 ## - INTERNATIONAL STANDARD BOOK NUMBER
International Standard Book Number 9689128043
040 ## - CATALOGING SOURCE
Original cataloging agency EG-ScBUE
Language of cataloging eng
Description conventions rda
Transcribing agency EG-ScBUE
Modifying agency EG-ScBUE
082 04 - DEWEY DECIMAL CLASSIFICATION NUMBER
Classification number 598.1
Item number BIR
Edition number 22
245 00 - TITLE STATEMENT
Title Birds and people :
Remainder of title bonds in a timeless journey /
Statement of responsibility, etc Nigel J. Collar [and three others] ; preface H. I. H. Princess Takamado ; foreword Robert Bateman ; text Nigel J. Collar.
250 ## - EDITION STATEMENT
Edition statement First English edition.
264 #1 - PUBLICATION, DISTRIBUTION, ETC. (IMPRINT)
Place of publication, distribution, etc Mexico City :
Name of publisher, distributor, etc CEMEX,
Date of publication, distribution, etc 2007.
300 ## - PHYSICAL DESCRIPTION
Extent 355 pages :
Other physical details color illustrations ;
Dimensions 24 cm.
336 ## - CONTENT TYPE
Source rdacontent
Content type term text
Content type code txt
337 ## - MEDIA TYPE
Media type term unmediated
Source rdamedia
Media type code n
338 ## - CARRIER TYPE
Carrier type term volume
Carrier type code nc
Source rdacarrier
490 0# - SERIES STATEMENT
Series statement Cemex books on nature
504 ## - BIBLIOGRAPHY, ETC. NOTE
Bibliography, etc Includes bibliographical references.
650 #7 - SUBJECT ADDED ENTRY--TOPICAL TERM
Topical term or geographic name as entry element Birds
Form subdivision Pictorial works.
Source of heading or term BUEsh
653 ## - INDEX TERM--UNCONTROLLED
Resource For college Generalities
Arrived date list April2018
655 ## - INDEX TERM--GENRE/FORM
Form subdivision Reading book
700 0# - ADDED ENTRY--PERSONAL NAME
Personal name Takamado no Miya Hisako,
Dates associated with a name 1953-
Relator term author of introduction, etc.
942 ## - ADDED ENTRY ELEMENTS (KOHA)
Source of classification or shelving scheme Dewey Decimal Classification
Koha item type Book - Borrowing
Holdings
Withdrawn status Lost status Source of classification or shelving scheme Damaged status Not for loan Collection code Home library Current library Shelving location Date acquired Source of acquisition Total Checkouts Full call number Barcode Date last seen Price effective from Koha item type
    Dewey Decimal Classification     Donation-Gift Central Library Central Library First floor 18/04/2018 Donation   598.1 BIR 000043201 15/04/2026 18/04/2018 Book - Borrowing